000 00847cam a22003013a 4500
001 3787
003 PGUSA
005 20140828083038.0
008 030201s2003||||xxu|||||s|||||000 1 eng d
040 _aPGUSA
_beng
042 _adc
050 4 _aPR
100 1 _aInchbald,
_cMrs,
_d1753-1821
245 1 0 _aNature and Art
_h[electronic resource] /
_cInchbald,
260 _bProject Gutenberg,
_c2003
506 _aPublic domain in the USA.
516 _aElectronic text
653 _aInchbald, Mrs., 1753-1821
653 _aDomestic fiction
653 _aYoung women -- Fiction
653 _aBrothers -- Fiction
653 _aFathers and sons -- Fiction
653 _aEpistolary fiction
700 1 _aMorley, Henry,
_d1822-1894
830 0 _aProject Gutenberg
_v3787
856 4 0 _uhttp://www.gutenberg.org/ebooks/3787
942 _cEB
999 _c233116
_d233116